Dostoyevsky, cuộc đời và sự nghiệp
Sách viết về cuộc đời và sự nghiệp của nhà văn hiện thực Nga ở thế kỷ XIX, Dostoyesky. Tiểu thuyết hiện thực của ông có pha lẫn tâm lý và triết lý: Nhật ký viết dưới hầm, Tội ác và hình phạt, Thằng khờ, Anh em nhà Karamazov......
Spremljeno u:
| Glavni autor: | |
|---|---|
| Format: | Knjiga |
| Jezik: | Undetermined |
| Izdano: |
Hà Nội
Văn Hóa
1998
|
| Teme: | |
| Oznake: |
Dodaj oznaku
Bez oznaka, Budi prvi tko označuje ovaj zapis!
|
| Thư viện lưu trữ: | Trung tâm Học liệu Trường Đại học Cần Thơ |
|---|
| LEADER | 00922nam a2200205Ia 4500 | ||
|---|---|---|---|
| 001 | CTU_22516 | ||
| 008 | 210402s9999 xx 000 0 und d | ||
| 020 | |b 60,000đ | ||
| 082 | |a 891.7092 | ||
| 082 | |b G877 | ||
| 100 | |a L Groxman | ||
| 245 | 0 | |a Dostoyevsky, cuộc đời và sự nghiệp | |
| 245 | 0 | |c L Groxman | |
| 260 | |a Hà Nội | ||
| 260 | |b Văn Hóa | ||
| 260 | |c 1998 | ||
| 520 | |a Sách viết về cuộc đời và sự nghiệp của nhà văn hiện thực Nga ở thế kỷ XIX, Dostoyesky. Tiểu thuyết hiện thực của ông có pha lẫn tâm lý và triết lý: Nhật ký viết dưới hầm, Tội ác và hình phạt, Thằng khờ, Anh em nhà Karamazov... | ||
| 650 | |a russian literature - 19th century - biography | ||
| 904 | |i Minh, 980511 | ||
| 980 | |a Trung tâm Học liệu Trường Đại học Cần Thơ | ||